Billion Dollar Actors Quiz Stats

 Plays Quiz not verified by Sporcle

Challenge
Share
Tweet
Embed
Score 0/179 Timer 15:00
0 Plays Today
Total Gross Actor % Correct
$2.521Will Smith
84.5%
$2.047Brad Pitt
83.9%
$1.237Jada Pinkett-Smith
82.2%
$4.013Tom Hanks
81.6%
$2.872Tom Cruise
80.5%
$3.530Harrison Ford
79.3%
$1.438George Clooney
75.3%
$2.813Samuel L. Jackson
74.7%
$1.815Leonardo DiCaprio
72.4%
$2.539Julia Roberts
70.1%
$2.329Matt Damon
69.5%
$2.545Robert DeNiro
69%
$1.577Angelina Jolie
69%
$2.886Johnny Depp
67.8%
$2.289Ben Stiller
67.2%
$1.374Al Pacino
66.1%
$2.360Daniel Radcliffe
63.8%
$2.729Bruce Willis
62.6%
$2.002Tommy Lee Jones
62.6%
$1.459Christian Bale
62.6%
$2.881Morgan Freeman
62.1%
$2.411Emma Watson
60.3%
$1.973Adam Sandler
60.3%
$1.783Robert Downey, Jr.
58.6%
$3.714Eddie Murphy
58%
$2.763Cameron Diaz
58%
$1.784Keanu Reeves
58%
$2.963Robin Williams
57.5%
$2.405Jim Carrey
57.5%
$1.795Jack Nicholson
57.5%
$1.792Elijah Wood
56.9%
$1.661Meryl Streep
56.9%
$2.244Owen Wilson
55.7%
$1.538Ben Affleck
55.7%
$1.040Kristen Stewart
55.2%
$2.211Mike Myers
54.6%
$1.840Denzel Washington
53.4%
$1.763Tim Allen
52.9%
$1.009Dwayne Johnson
52.9%
$2.280Orlando Bloom
52.3%
$1.443Hugh Jackman
52.3%
$2.351John Travolta
51.7%
$2.360Rupert Grint
51.1%
$1.743Sylvester Stallone
50.6%
$1.675Clint Eastwood
48.3%
$1.622Arnold Schwarzenegger
48.3%
$1.480Halle Berry
48.3%
$2.010Ian McKellen
47.7%
$1.020Demi Moore
47.7%
$2.067Mel Gibson
47.1%
$1.132Julianne Moore
47.1%
$1.645Tyrese Gibson
46.6%
$1.419Will Ferrell
46%
$2.130Dustin Hoffman
45.4%
$1.390Tobey Maguire
45.4%
$1.235Jennifer Aniston
45.4%
$2.153Nicolas Cage
44.8%
$1.499Michael Douglas
44.3%
$1.874Liam Neeson
43.7%
$1.654Sandra Bullock
43.1%
Total Gross Actor % Correct
$1.601Michael Keaton
42%
$1.322Carrie Fisher
42%
$1.174Diane Keaton
42%
$1.108Mark Hamill
42%
$1.811Natalie Portman
41.4%
$1.551Sean Connery
41.4%
$1.088Russell Crowe
41.4%
$1.306Keira Knightley
40.2%
$2.261Michael Caine
39.7%
$1.546Alan Rickman
39.1%
$1.596Vince Vaughn
37.9%
$1.558Nicole Kidman
37.9%
$1.878Ewan McGregor
36.8%
$1.483Mark Wahlberg
36.8%
$1.334Kevin Spacey
36.8%
$1.374Jack Black
35.6%
$1.158Robert Pattinson
35.6%
$1.094Reese Witherspoon
35.6%
$1.545Drew Barrymore
35.1%
$1.186Chris Rock
35.1%
$1.429Bill Murray
34.5%
$1.611Ed Harris
33.9%
$1.365Pierce Brosnan
33.9%
$1.138Michael Sheen
33.9%
$1,752Kirsten Dunst
33.3%
$1.341Gwyneth Paltrow
33.3%
$2.143Sigourney Weaver
32.8%
$1.082Paul Newman
32.2%
$1.967Ralph Fiennes
31.6%
$1.445Kevin Costner
31.6%
$1.264Robert Redford
31.6%
$1.509Viggo Mortensen
31%
$1.359Richard Gere
31%
$1.792Alec Baldwin
30.5%
$1.168Renee Zellweger
30.5%
$1.544Jeff Bridges
29.9%
$1.073Catherine Zeta-Jones
29.9%
$1.599Steve Martin
29.3%
$1.341Bradley Cooper
29.3%
$1.059Sam Worthington
28.7%
$1.574Steve Carell
28.2%
$1.171Chris Cooper
28.2%
$2.239Gary Oldman
27.6%
$2.191Helena Bonham Carter
27.6%
$1.993Shia LaBeouf
27.6%
$1.666Anthony Hopkins
27%
$1.738Cate Blanchett
26.4%
$1.157Vin Diesel
26.4%
$1.333Anne Hathaway
25.9%
$1.646James Franco
25.3%
$1.540Liv Tyler
25.3%
$1.350Kevin Bacon
25.3%
$1.149Meg Ryan
25.3%
$1.488Geoffrey Rush
24.7%
$1.307Jamie Foxx
24.7%
$1.303Seth Rogen
24.7%
$1.386Laurence Fishburne
24.1%
$1.255Jackie Chan
24.1%
$1.242Bonnie Hunt
24.1%
$1.537Brian Cox
23.6%
Total Gross Actor % Correct
$1.950Antonio Banderas
23%
$1.683Robert Duvall
21.8%
$1.264Judi Dench
21.8%
$1.306Ian Holm
20.7%
$1.187Susan Sarandon
20.1%
$1.309Danny Glover
19.5%
$1.291Martin Lawrence
19.5%
$1.626Christopher Walken
19%
$1.613Danny DeVito
19%
$1.051Amy Adams
19%
$1.408Zoe Saldana
18.4%
$1.009John Cusack
18.4%
$1.508Don Cheadle
17.8%
$1.025Glenn Close
17.8%
$1.248Michelle Pfeiffer
16.7%
$1.032Paul Walker
16.7%
$1.617Queen Latifah
16.1%
$1.320Jonah Hill
16.1%
$1.011Gerard Butler
15.5%
$2.098Kathy Bates
13.8%
$1.958Jon Voight
13.8%
$1.269Willem Dafoe
13.8%
$1.060Kurt Russell
13.8%
$1.044Kiefer Sutherland
13.8%
$1.049Matthew McConaughey
13.2%
$1.214Sean Bean
12.6%
$1.567Dennis Quaid
11.5%
$1.274John Malkovich
11.5%
$1.160Cuba Gooding, Jr.
11.5%
$1.114Dakota Fanning
11.5%
$1.083Woody Harrelson
11.5%
$1.477James Marsden
10.9%
$1.201Jason Bateman
9.8%
$1.372Michelle Rodriguez
8%
$1.190Forest Whitaker
8%
$1.032Craig T. Nelson
7.5%
$1.283Justin Long
6.9%
$1.118Aaron Eckhart
6.9%
$1.045Greg Kinnear
6.9%
$1.141William H. Macy
6.3%
$1.215Paul Giamatti
4.6%
$1.380Brendan Gleeson
4%
$1.209Rene Russo
4%
$1.144Famke Janssen
4%
$1.021Justin Bartha
4%
$1.290John Leguizamo
3.4%
$1.119Alfred Molina
3.4%
$1.406Giovanni Ribisi
2.9%
$1.399Karl Urban
2.9%
$1.104Anna Faris
2.9%
$1.103Stanley Tucci
2.9%
$1.573Stellan Skarsgard
2.3%
$1.164Cary Elwes
2.3%
$1.096Cedric the Entertainer
2.3%
$1.011Leslie Mann
2.3%
$1.205Josh Duhamel
1.7%
$1.443Jonathan Pryce
1.1%
$1.164Jack Davenport
1.1%
$1.079Billy Burke
1.1%

You're not logged in!

Compare scores with friends on all Sporcle quizzes.
Join for Free
OR
Log In

You Might Also Like...

Show Comments

Extras

Top Quizzes Today


Score Distribution

Your Account Isn't Verified!

In order to create a playlist on Sporcle, you need to verify the email address you used during registration. Go to your Sporcle Settings to finish the process.

Report this User

Report this user for behavior that violates our Community Guidelines.

Details: